Valluvanattile pananar pattukal/ (Record no. 181902)

000 -LEADER
fixed length control field 00423nam a22001577a 4500
020 ## - INTERNATIONAL STANDARD BOOK NUMBER
ISBN 9789388768764
082 ## - DEWEY DECIMAL CLASSIFICATION NUMBER
Classification number M 398.3578
Item number NAR/V
100 ## - MAIN ENTRY--AUTHOR NAME
Personal name Narayanan Elamkulam K.P.
245 ## - TITLE STATEMENT
Title Valluvanattile pananar pattukal/
Statement of responsibility, etc by Narayanan Elamkulam K.P.
260 ## - PUBLICATION, DISTRIBUTION, ETC. (IMPRINT)
Place of publication Thrissur:
Name of publisher Kerala Sahitya Akademi,
Year of publication 2024.
300 ## - PHYSICAL DESCRIPTION
Number of Pages 223p.
650 ## - SUBJECT ADDED ENTRY--TOPICAL TERM
Topical Term Folk Songs
650 ## - SUBJECT ADDED ENTRY--TOPICAL TERM
Topical Term Folklore
650 ## - SUBJECT ADDED ENTRY--TOPICAL TERM
Topical Term Social Sciences
942 ## - ADDED ENTRY ELEMENTS (KOHA)
Koha item type Book
Holdings
Withdrawn status Lost status Damaged status Not for loan Permanent Location Current Location Shelving location Date acquired Cost, normal purchase price Full call number Accession Number Price effective from Koha item type
        Sree Sankaracharya University of Sanskrit Sree Sankaracharya University of Sanskrit Stacks 01.06.2026 290.00 M 398.3578 NAR/V 108996 01.06.2026 Book